The investment think tank (theory, strategy, and practice for Advisers) (Record no. 54546)

MARC details
000 -LEADER
fixed length control field 00666nam a2200217Ia 4500
008 - FIXED-LENGTH DATA ELEMENTS--GENERAL INFORMATION
fixed length control field 191130s2005##################000#0#eng##
020 ## - INTERNATIONAL STANDARD BOOK NUMBER
ISBN 9781576601860
082 ## - DEWEY DECIMAL CLASSIFICATION NUMBER
Classification number 332.6 EVE
100 ## - MAIN ENTRY--AUTHOR NAME
Personal name Evensky, Harold
245 ## - TITLE STATEMENT
Title The investment think tank (theory, strategy, and practice for Advisers)
Statement of responsibility, etc Harold Evensky, Deena Katz
250 ## - EDITION STATEMENT
Edition statement 1st edition
260 ## - PUBLICATION, DISTRIBUTION, ETC. (IMPRINT)
Place of publication Bangaladesh
Name of publisher Bloomberg Press
Year of publication 2005
300 ## - PHYSICAL DESCRIPTION
Number of Pages xxi, 404p. : ill, 23cm
500 ## - GENERAL NOTE
General note Includes bibliographical references and index
650 ## - SUBJECT ADDED ENTRY--TOPICAL TERM
Topical Term Economics
700 ## - ADDED ENTRY--PERSONAL NAME
Personal name Katz, Deena
991 ## -
-- 172797
Holdings
Withdrawn status Lost status Damaged status Not for loan Home library Current library Shelving location Date acquired Full call number Accession Number Price effective from Koha item type
        Anna Centenary Library Anna Centenary Library 4TH FLOOR, A WING 09.10.2020 332.6 EVE 311887 09.10.2020 English Books

Find us on the map